000 00345nam a2200145Ia 4500
005 20240607023222.0
008 240331s9999 xx 000 0 und d
082 _bCRA
_a346
100 _aCraig, C
245 0 _aEverything but the ring
260 _aKingston
_bBureau of Women's Affairs
_c1982
300 _a35 p.,
650 _aLaw
942 _cL
999 _c2849
_d2849